Normal view
MARC view
- Xu, Bin.
Entry Personal Name
001 - CONTROL NUMBER
- control field: 60553
003 - CONTROL NUMBER IDENTIFIER
- control field: OSt
005 - DATE AND TIME OF LATEST TRANSACTION
- control field: 20240910170002.0
008 - FIXED-LENGTH DATA ELEMENTS
- fixed length control field: 240910|| aca||aabn | a|a d
040 ## - CATALOGING SOURCE
- Original cataloging agency: OSt
- Transcribing agency: OSt
100 ## - HEADING--PERSONAL NAME
- Personal name: Xu, Bin.
- Relator term: authoir.
670 ## - SOURCE DATA FOUND
- Source citation: Work cat.: (OSt): Xu, Bin. authoir., Component-level semiconductor loss balancing for igbt based high power mmc through insertion index modification /, December 2022.
